Kanye West’s (Non-Album) Singles Discography - Statistics

General Stats
  • This quiz has been taken 21 times
  • The average score is 7 of 14
Answer Stats
Picture Answer % Correct
Lift Yourself
100%
FourFiveSeconds
89%
All Day
83%
XTCY
83%
Only One
72%
Christmas In Harlem
56%
Ye vs. The People
56%
Champions
50%
Wash Us In The Blood
50%
Hot S***
33%
Nah Nah Nah
33%
Alive
17%
Hallelujah
11%
Classic
6%
No matching quizzes found
Score Distribution
Percent of People with Each Score
Percentile by Number Answered
Your Score History
You have not taken this quiz